000 00630nam a2200241 i 4500
001 bg
100 1 _aOsiński, Zbigniew
_d(1926-2001).
245 1 0 _aMechanika ogólna /
_cZbigniew Osiński.
250 _aWyd. 2 popr.
260 _aWarszawa :
_bWydaw. Naukowe PWN,
_c1997.
300 _a535 s. :
_brys., wykr. ;
_c24 cm.
504 _aBibliogr. s. 532. - Indeks.
650 9 _aMechanika
655 _aPodręczniki akademickie
020 _a8301123095
040 _cBPK
041 _apl
080 _a531
080 _a(075.8)
920 _a83-01-12309-5
942 _cKS
008 s pl f |000 0 pol
999 _c32161
_d32161
856 _uhttp://koha.tu.koszalin.pl/cgi-bin/koha/opac-detail.pl?biblionumber=32161
_yKatalog online BPK